| 000 | 00414nam a2200181Ia 4500 | ||
|---|---|---|---|
| 005 | 20251020182533.0 | ||
| 008 | 200515s9999 xx 000 0 und d | ||
| 082 | _a712.363/S80 | ||
| 100 | _aSTEVENS, David BUCHAN, Úrsula | ||
| 245 | 0 | _aEnciclopedia del jardín | |
| 260 | _aBarcelona | ||
| 260 | _c1999 | ||
| 500 | _a1 ejemplar | ||
| 650 | _aJARDINES | ||
| 650 | _aLIB | ||
| 650 | _aPLANTAS | ||
| 942 | _cLIB | ||
| 999 |
_c2131 _d2131 |
||